000 00612nam a2200205Ia 4500
005 20250508163635.0
008 008 250505s9999 xx 000 0 eng d
020 _a81-7391-086-3
037 _aTextual
040 _aFEDL
_beng
_cFEDL
041 _aeng
_2eng
084 _a370.1, SHA
_qFEDL
100 _aSharma S.N.
_9178585
245 0 _aPhilosophical and socialogical foundations of education
260 _aNew Delhi, India
_bKanishaka Publishers, Distributors
_c1995
300 _avi,400p.
650 _aEducation-Philosophy
942 _cTEXL
_h370.1, SHA
999 _c1384474
_d1384474